| 000 | 00710nam a2200253Ia 4500 | ||
|---|---|---|---|
| 001 | Z_5927 | ||
| 003 | CHAP | ||
| 008 | 220113s9999 xx 000 0 und d | ||
| 010 | _a169135 | ||
| 040 | _cCHAP | ||
| 082 | _a636.9 S2y | ||
| 100 |
_aScheelje,Reinhard _9102929 |
||
| 245 |
_aConejos para carne;sistemas de producción intensiva / _cpor Reinhard Scheelje,Heinrich Niehaus y Klaus Werner. |
||
| 260 |
_aZaragoza : _bAcribia,1968, _c |
||
| 300 | _a235 p.:ilus. | ||
| 500 | _aTrad. de la edición en Alemán | ||
| 650 |
_aCunicultura I.Werner, Klaus II.Niehaus,Heinrich III.t. _9143484 |
||
| 901 | _a636.9 S2Y | ||
| 902 | _aM | ||
| 910 | _a | ||
| 942 | _c1 | ||
| 942 | _cc1 | ||
| 999 |
_c169135 _d169135 |
||